01061nam a2200229 a 450000100100000000500170001000800410002702000150006804000250008310000290010824000590013724501650019626001250036130000210048649000350050754600530054250000370059570000350063283000420066795201050070999900170081400004180720201002035751.0131011s1998 sp 000 0 spa d a8400077679 aDO-SdBNPbspacBNPHU1 aIyad, Muhammad B.96867910aMadahib Al-Hukkam fi Nawazil Al-AhkamlEspañol-Arabe10aMadahib Al-Hukkam fi Nawazil Al-Ahkam :b(la actuación de los jueces en los procesos judiciales) /cMuhammad B. Iyad; traducción y estudio, Delfina Serrano. aMadrid, :bConsejo Superior de Investigaciones Científicas,bAgencia Española de Cooperación Internacional,c1998. a606 p. ;c24 cm.1 aFuentes Arábico-Hispanasv22 aTexto en Arabe (maltes) y traducido al español aIncluye notas a pie de páginas1 aSerrano, Delfinaetrad.968680 0aFuentes Arábico-Hispanasv22965581 001050718MOaGRbGRcCTd2013-10-17iLF1l0o p41807-10r2020-06-25w2020-06-25y1ZNo se presta c41296d41296